000 00266nam a2200109Ia 4500
008 200302s9999 xx 000 0 und d
100 _aStephen Calloway
245 _aThe Elements of Style
260 _bMitchell Beazley Publishers
260 _c2002
300 _a568 P.,
999 _c2153
_d2153